[Event "3rd Sat Djenovici Nov GM"]
[Site "Djenovici MNE"]
[Date "2017.11.18"]
[Round "1.1"]
[White "Saptarshi, Roy"]
[Black "Okuyaz, Duru"]
[Result "1-0"]
[WhiteTitle "IM"]
[BlackTitle "WFM"]
[WhiteElo "2449"]
[BlackElo "2238"]
[WhiteFideId "5008980"]
[BlackFideId "6346022"]
[EventDate "2017.11.18"]

1. e4 e6 2. d4 d5 3. Nc3 Nf6 4. Bg5 Be7 5. Bxf6 Bxf6 6. Nf3 c5 7. Bb5+ Bd7 8.
exd5 Bxb5 9. Nxb5 cxd4 10. Nfxd4 Qb6 11. d6 O-O 12. a4 a6 13. a5 Qc5 14. Nc7 Ra7
15. Ndxe6 Qe5+ 16. Qe2 fxe6 17. Qxe5 Bxe5 18. O-O-O Rd8 19. Rhe1 Nc6 20. Nxe6
Rxd6 21. Rxd6 Bxd6 22. Rd1 Be5 23. f4 Bf6 24. g4 Kf7 25. f5 h6 26. Rd7+ Kg8 27.
Rc7 Ra8 28. Rxb7 Nxa5 29. Rc7 Rb8 30. b3 Nb7 31. Rc6 a5 32. Rb6 Be5 33. h3 Kf7
34. Rxb7+ Rxb7 35. Nd8+ Kf6 36. Nxb7 Kg5 37. Kd2 Kh4 38. Ke3 Kxh3 39. Kf3 Bc3
40. Nd6 Kh4 41. Ne4 Be5 42. c4 Bc7 43. c5 Bd8 44. c6 Bb6 45. Nc5 h5 46. gxh5
Kxh5 47. Ne6 1-0

[Event "3rd Sat Djenovici Nov GM"]
[Site "Djenovici MNE"]
[Date "2017.11.18"]
[Round "1.2"]
[White "Pikula, Dejan"]
[Black "Nikcevic, Nebojsa"]
[Result "1/2-1/2"]
[WhiteTitle "GM"]
[BlackTitle "GM"]
[WhiteElo "2457"]
[BlackElo "2423"]
[WhiteFideId "906379"]
[BlackFideId "901776"]
[EventDate "2017.11.18"]

1. e4 e5 2. Nf3 Nf6 3. Nxe5 d6 4. Nf3 Nxe4 5. Qe2 Qe7 6. d3 Nf6 7. Bg5 Qxe2+ 8.
Bxe2 Nbd7 9. O-O h6 10. Bh4 Be7 11. Re1 1/2-1/2

[Event "3rd Sat Djenovici Nov GM"]
[Site "Djenovici MNE"]
[Date "2017.11.18"]
[Round "1.3"]
[White "Pavlovic, Milos"]
[Black "Vardan, Nagpal"]
[Result "1/2-1/2"]
[WhiteTitle "GM"]
[BlackTitle "FM"]
[WhiteElo "2472"]
[BlackElo "2510"]
[WhiteFideId "900389"]
[BlackFideId "25089544"]
[EventDate "2017.11.18"]

1. Nf3 d5 2. c4 e6 3. e3 Nf6 4. b3 c5 5. Bb2 Nc6 6. cxd5 exd5 7. Bb5 Bd7 8. O-O
Bd6 9. d4 cxd4 10. Nxd4 O-O 11. Nc3 a6 12. Be2 Qe7 13. Nf3 Be6 14. Rc1 Bc5 15.
Na4 Ba3 16. Bxa3 Qxa3 17. Nc5 Rfb8 18. Qd2 Ne4 19. Nxe4 dxe4 20. Ng5 Rd8 21. Qc2
Bf5 22. Qc5 Qxc5 23. Rxc5 Bg6 24. h4 h6 25. Nh3 f6 26. Rd1 Rxd1+ 27. Bxd1 Bf7
28. h5 Re8 29. Nf4 Re5 30. Rc3 Kf8 31. Be2 Nb4 32. Rc7 Re7 33. Rc8+ Re8 34. Rc7
Re7 35. Rc8+ Re8 36. Rc7 1/2-1/2

[Event "3rd Sat Djenovici Nov GM"]
[Site "Djenovici MNE"]
[Date "2017.11.18"]
[Round "1.4"]
[White "Bick, Gabriel"]
[Black "Golubov, Saveliy"]
[Result "1-0"]
[BlackTitle "IM"]
[WhiteElo "2399"]
[BlackElo "2501"]
[WhiteFideId "2084058"]
[BlackFideId "24176729"]
[EventDate "2017.11.18"]

1. e4 d6 2. d4 Nf6 3. Nc3 g6 4. Bg5 Bg7 5. Qd2 h6 6. Bf4 g5 7. Bg3 Nh5 8. O-O-O
e6 9. Be2 Nxg3 10. hxg3 Nc6 11. Qe3 Qf6 12. Nb5 Qe7 13. f4 a6 14. Nc3 Bd7 15. d5
Na7 16. dxe6 Bxe6 17. f5 Bd7 18. Nd5 Qd8 19. e5 dxe5 20. Bg4 Bf6 21. Nf3 Nc6 22.
Nd2 Be7 23. Ne4 f6 24. Bh5+ Kf8 25. Ndxf6 Bxf6 26. Nxf6 Qxf6 27. Rxd7 Ne7 28. g4
Rh7 29. Qc5 Kg8 30. Qxc7 Nd5 31. Qxb7 Rxd7 32. Qxd7 Nf4 33. Rd1 Qb6 34. Bg6 Qa7
35. Qxa7 Rxa7 36. Rd8+ Kg7 37. Re8 Kf6 38. g3 Ne2+ 39. Kd2 Nd4 40. c3 1-0

[Event "3rd Sat Djenovici Nov GM"]
[Site "Djenovici MNE"]
[Date "2017.11.18"]
[Round "1.5"]
[White "Can, Isik"]
[Black "Kumar, Nikhil"]
[Result "1/2-1/2"]
[WhiteTitle "FM"]
[BlackTitle "FM"]
[WhiteElo "2265"]
[BlackElo "2274"]
[WhiteFideId "6383742"]
[BlackFideId "30909040"]
[EventDate "2017.11.18"]

1. e4 c6 2. d4 d5 3. e5 c5 4. dxc5 e6 5. a3 Bxc5 6. b4 Be7 7. Nf3 f6 8. Bb2 a5
9. b5 fxe5 10. Nxe5 Nf6 11. Bd3 Nbd7 12. O-O O-O 13. Nd2 Nxe5 14. Bxe5 b6 15.
Nf3 Nd7 16. Re1 Bf6 17. Qe2 Nc5 18. c4 Bb7 19. Rad1 Qe7 20. Bb1 Rad8 21. cxd5
Bxd5 22. Nd4 Qf7 23. f3 Qh5 24. Bxf6 Rxf6 25. Nc6 Rd7 26. Ba2 Bxa2 27. Qxa2 Nd3
28. Rxe6 Qc5+ 29. Nd4 Qxd4+ 30. Re3+ Kf8 31. Rxd3 Qxd3 32. Rxd3 Rxd3 33. Qc2
Rfd6 34. Qc8+ Ke7 35. Qg8 Rg6 36. Qxh7 Rd1+ 37. Kf2 Rd2+ 38. Ke3 Rgxg2 39. Qe4+
Kf6 40. Qc6+ Kf5 41. Qc8+ Kg5 42. h4+ Kh5 43. Qf5+ Kh6 44. Qe6+ Rg6 45. Qc8 Rgd6
46. Qh8+ Kg6 47. Kf4 Rf6+ 48. Kg3 Rd3 49. Qe8+ Kh6 50. Qh8+ Kg6 51. Qe8+ Kh6 52.
Qh8+ 1/2-1/2

[Event "3rd Sat Djenovici Nov GM"]
[Site "Djenovici MNE"]
[Date "2017.11.19"]
[Round "2.1"]
[White "Okuyaz, Duru"]
[Black "Kumar, Nikhil"]
[Result "1/2-1/2"]
[WhiteTitle "WFM"]
[BlackTitle "FM"]
[WhiteElo "2238"]
[BlackElo "2274"]
[WhiteFideId "6346022"]
[BlackFideId "30909040"]
[EventDate "2017.11.18"]

1. e4 c6 2. d4 d5 3. Nc3 dxe4 4. Nxe4 Nf6 5. Nxf6+ exf6 6. c3 Bd6 7. Bd3 O-O 8.
Qc2 Re8+ 9. Ne2 h5 10. O-O h4 11. h3 Nd7 12. Bd2 Nf8 13. Rae1 Be6 14. Nf4 Qc7
15. Nxe6 Nxe6 16. Re4 g5 17. Bc4 b5 18. Bxe6 fxe6 19. f4 f5 20. Re2 Bxf4 21.
Bxf4 gxf4 22. Re5 Rad8 23. Qe2 Qf7 24. Rxf4 Qf6 25. Qf2 Rd5 26. Rfxf5 Qxf5 27.
Qxf5 exf5 28. Rxe8+ Kf7 29. Rh8 b4 30. Rh7+ Ke6 31. Rh6+ Kd7 32. Rxh4 Ra5 33. d5
bxc3 34. dxc6+ Kxc6 35. Rc4+ Kd5 36. Rxc3 Rxa2 37. Rb3 a5 38. h4 a4 39. Rb5+ Ke6
40. Rb6+ Kf7 41. h5 Kg7 42. Rg6+ Kh7 43. Rf6 Rxb2 44. Rxf5 a3 45. Ra5 a2 46. Kh2
Kh6 47. Kh3 a1=Q 48. Rxa1 Kxh5 49. Ra5+ Kg6 50. g3 Rb6 51. Kh4 Rb4+ 52. g4 Rb6
53. Ra8 Rc6 54. Rg8+ Kh7 1/2-1/2

[Event "3rd Sat Djenovici Nov GM"]
[Site "Djenovici MNE"]
[Date "2017.11.19"]
[Round "2.2"]
[White "Golubov, Saveliy"]
[Black "Can, Isik"]
[Result "0-1"]
[WhiteTitle "IM"]
[BlackTitle "FM"]
[WhiteElo "2501"]
[BlackElo "2265"]
[WhiteFideId "24176729"]
[BlackFideId "6383742"]
[EventDate "2017.11.18"]

1. d4 d5 2. Nf3 Nf6 3. g3 g6 4. Bg2 Bg7 5. O-O O-O 6. c3 c6 7. Bf4 Bf5 8. Qc1
Re8 9. Bh6 Bh8 10. h3 Nbd7 11. g4 Be4 12. Nbd2 e5 13. Nxe4 Nxe4 14. dxe5 Nxe5
15. Nxe5 Bxe5 16. Bxe4 dxe4 17. Rd1 Qe7 18. Qe3 Bc7 19. Qd4 f6 20. Be3 Rad8 21.
Qc4+ Kg7 22. Kg2 Qe5 23. Rh1 Bb6 24. Bxb6 axb6 25. Rad1 b5 26. Qb3 e3 27. Rxd8
Rxd8 28. Rd1 Rd2 29. Rxd2 exd2 30. Qd1 Qd5+ 31. f3 b4 32. Kf2 bxc3 33. bxc3 Qc5+
34. e3 Qxc3 35. Ke2 Qc4+ 36. Kxd2 Qxa2+ 37. Ke1 Qd5 38. Qa4 Qxf3 39. Qa7 Qg3+
40. Ke2 Qc7 0-1

[Event "3rd Sat Djenovici Nov GM"]
[Site "Djenovici MNE"]
[Date "2017.11.19"]
[Round "2.3"]
[White "Vardan, Nagpal"]
[Black "Bick, Gabriel"]
[Result "0-1"]
[WhiteTitle "FM"]
[WhiteElo "2510"]
[BlackElo "2399"]
[WhiteFideId "25089544"]
[BlackFideId "2084058"]
[EventDate "2017.11.18"]

1. e4 c5 2. c3 Nf6 3. e5 Nd5 4. d4 cxd4 5. cxd4 d6 6. Bc4 e6 7. Nf3 Nc6 8. O-O
Nb6 9. Bd3 dxe5 10. dxe5 Nb4 11. Bb5+ Bd7 12. Bg5 Be7 13. Bxe7 Qxe7 14. Nc3 O-O
15. Bxd7 Rfd8 16. Qe2 Rxd7 17. Rfd1 Rad8 18. Rxd7 Rxd7 19. g3 Nc6 20. Re1 Qb4
21. Qb5 Qxb5 22. Nxb5 Nc4 23. b3 Nd2 24. Nxd2 Rxd2 25. a4 a6 26. Nd6 Nxe5 27.
Rc1 g5 28. Nxb7 Rb2 29. Nc5 a5 30. Rc3 g4 31. Kg2 Nf3 32. Rc1 Ng5 33. Rc3 h5 34.
Kf1 Nf3 35. Nb7 Nxh2+ 36. Ke1 Nf3+ 37. Kd1 Rxf2 38. Nxa5 h4 39. gxh4 g3 0-1

[Event "3rd Sat Djenovici Nov GM"]
[Site "Djenovici MNE"]
[Date "2017.11.19"]
[Round "2.4"]
[White "Nikcevic, Nebojsa"]
[Black "Pavlovic, Milos"]
[Result "1-0"]
[WhiteTitle "GM"]
[BlackTitle "GM"]
[WhiteElo "2423"]
[BlackElo "2472"]
[WhiteFideId "901776"]
[BlackFideId "900389"]
[EventDate "2017.11.18"]

1. Nf3 Nf6 2. c4 g6 3. Nc3 Bg7 4. e4 d6 5. d4 O-O 6. Bg5 c5 7. d5 e6 8. Nd2 h6
9. Bh4 a6 10. a4 Qe8 11. Be2 Nh7 12. Bg3 Bxc3 13. bxc3 e5 14. f4 Nd7 15. O-O Qe7
16. f5 Ndf6 17. Bf2 Kg7 18. Be3 Bd7 19. Rb1 b6 20. Rxb6 Rfb8 21. Rxb8 Rxb8 22.
Qc2 Qe8 23. a5 Qd8 24. Ra1 Ng5 25. Ra2 Rb7 26. Ra1 Rb8 27. h3 Rb7 28. Kh2 Qe8
29. g4 Qd8 30. Kg3 Ngh7 31. Bd3 Rb8 32. Nf3 gxf5 33. exf5 e4 34. Bxe4 Qe7 35.
Nd2 Re8 36. Re1 Ng5 37. Bf3 Qe5+ 38. Kg2 Qxe3 39. Rxe3 Rxe3 40. Kf2 Re8 1-0

[Event "3rd Sat Djenovici Nov GM"]
[Site "Djenovici MNE"]
[Date "2017.11.19"]
[Round "2.5"]
[White "Saptarshi, Roy"]
[Black "Pikula, Dejan"]
[Result "1-0"]
[WhiteTitle "IM"]
[BlackTitle "GM"]
[WhiteElo "2449"]
[BlackElo "2457"]
[WhiteFideId "5008980"]
[BlackFideId "906379"]
[EventDate "2017.11.18"]

1. e4 c6 2. d4 d5 3. Nc3 dxe4 4. Nxe4 Bf5 5. Ng3 Bg6 6. h4 h6 7. Nf3 Nd7 8. h5
Bh7 9. Bd3 Bxd3 10. Qxd3 e6 11. Bd2 Ngf6 12. O-O-O Be7 13. Kb1 Rc8 14. c4 O-O
15. Ne4 c5 16. Bc3 cxd4 17. Qxd4 Qc7 18. Nxf6+ Nxf6 19. Ne5 Rfd8 20. Qe3 Bc5 21.
Qe2 Rxd1+ 22. Rxd1 Rd8 23. Rxd8+ Qxd8 24. Kc2 Qb6 25. Ng4 Nd7 26. Qd2 Qc6 27. f3
Bf8 28. Qd4 f5 29. Ne3 Nf6 30. b3 Nxh5 31. Qxa7 Bc5 32. Qb8+ Kh7 33. Qe5 Nf6 34.
a4 Bf8 35. a5 Nd7 36. Qb5 Qc7 37. b4 h5 38. a6 bxa6 39. Qxa6 f4 40. Nd1 e5 41.
Nf2 Nb8 42. Qe6 Qa7 43. c5 Qa4+ 44. Kd2 Nc6 45. Nd3 h4 46. Qf7 Be7 47. Nb2 Qa6
48. Qc4 Qa1 49. Qe4+ Kh8 50. Qxc6 1-0

[Event "3rd Sat Djenovici Nov GM"]
[Site "Djenovici MNE"]
[Date "2017.11.20"]
[Round "3.1"]
[White "Pikula, Dejan"]
[Black "Okuyaz, Duru"]
[Result "0-1"]
[WhiteTitle "GM"]
[BlackTitle "WFM"]
[WhiteElo "2457"]
[BlackElo "2238"]
[WhiteFideId "906379"]
[BlackFideId "6346022"]
[EventDate "2017.11.18"]

1. d4 d5 2. Bf4 c5 3. e3 cxd4 4. exd4 e6 5. Nf3 Nc6 6. c3 Nf6 7. Nbd2 Bd6 8. Bg5
O-O 9. Bd3 e5 10. dxe5 Nxe5 11. Nxe5 Bxe5 12. Nf3 Re8 13. O-O Bg4 14. Re1 Qd6
15. h3 Bh5 16. Rxe5 Rxe5 17. Bf4 Re1+ 18. Qxe1 Qxf4 19. Qe5 Qxe5 20. Nxe5 Ne4
21. g4 Re8 22. Nf3 Bg6 23. Rd1 f6 24. Nh4 Bf7 25. Nf5 Be6 26. Bb5 Rd8 27. Nd4
Bc8 28. Bf1 Kf7 29. Bg2 a6 30. Ne2 Ke7 31. Nf4 Nc5 32. Nxd5+ Kf7 33. Rd4 Be6 34.
Nxf6 Rxd4 35. cxd4 Nd3 36. Nxh7 Bxa2 37. Bxb7 a5 38. Ng5+ Ke7 39. Ne4 Nxb2 40.
d5 Nc4 41. Bc6 Bb3 42. Kf1 a4 43. Nc5 Nb6 44. Ke1 Kd6 45. Nxb3 axb3 46. Kd2 b2
47. Kc2 Nc4 48. f4 Kc5 49. Be8 Kd4 50. Bf7 Ke4 51. f5 Kf4 52. Be6 Kg5 53. Kb1
Kh4 54. Bd7 Kg5 55. Bc8 Kh4 56. Ba6 Nd6 57. Bf1 Kg3 58. Kxb2 Kf2 59. Bd3 Ke3 60.
Kc3 Kf4 61. Kd4 Nf7 62. Be2 Nd6 63. h4 Nf7 64. h5 Nd6 65. f6 gxf6 66. h6 Kg5 67.
h7 Nf7 68. d6 Kh6 69. Bc4 0-1

[Event "3rd Sat Djenovici Nov GM"]
[Site "Djenovici MNE"]
[Date "2017.11.20"]
[Round "3.2"]
[White "Pavlovic, Milos"]
[Black "Saptarshi, Roy"]
[Result "0-1"]
[WhiteTitle "GM"]
[BlackTitle "IM"]
[WhiteElo "2472"]
[BlackElo "2449"]
[WhiteFideId "900389"]
[BlackFideId "5008980"]
[EventDate "2017.11.18"]

1. d4 d5 2. c4 e6 3. Nf3 c6 4. Nbd2 f5 5. Ne5 Nf6 6. g3 Bd6 7. Nd3 O-O 8. Bg2
Nbd7 9. O-O b6 10. b4 a5 11. bxa5 Rxa5 12. Qb3 Qe7 13. Bb2 Ne4 14. Nf3 Ba6 15.
cxd5 cxd5 16. Rfc1 Bc4 17. Rxc4 dxc4 18. Qxc4 Rfa8 19. h4 h6 20. Qb3 Kh8 21. Rc1
Rxa2 22. Rc6 Qe8 23. h5 Ndf6 24. Rxb6 Nd5 25. Rb7 Qxh5 26. Qc2 Nec3 27. Nc1 Rxb2
28. Qxb2 Ba3 29. Qa1 Qe8 30. Nd3 Qc8 31. Rb3 Bc1 0-1

[Event "3rd Sat Djenovici Nov GM"]
[Site "Djenovici MNE"]
[Date "2017.11.20"]
[Round "3.3"]
[White "Bick, Gabriel"]
[Black "Nikcevic, Nebojsa"]
[Result "1-0"]
[BlackTitle "GM"]
[WhiteElo "2399"]
[BlackElo "2423"]
[WhiteFideId "2084058"]
[BlackFideId "901776"]
[EventDate "2017.11.18"]

1. e4 e5 2. Nf3 Nc6 3. Bc4 Nf6 4. Ng5 d5 5. exd5 Na5 6. Bb5+ c6 7. dxc6 bxc6 8.
Bd3 h6 9. Ne4 Nd5 10. O-O Nf4 11. Be2 f5 12. Nec3 Bd6 13. d3 O-O 14. Nd2 Qg5 15.
Bf3 e4 16. dxe4 Ba6 17. Nb3 Rad8 18. g3 Bc7 19. Qe1 Bxf1 20. Qxf1 fxe4 21. Bg2
Qg6 22. Bxf4 Bxf4 23. Nxa5 Be3 24. Qc4+ 1-0

[Event "3rd Sat Djenovici Nov GM"]
[Site "Djenovici MNE"]
[Date "2017.11.20"]
[Round "3.4"]
[White "Can, Isik"]
[Black "Vardan, Nagpal"]
[Result "1-0"]
[WhiteTitle "FM"]
[BlackTitle "FM"]
[WhiteElo "2265"]
[BlackElo "2510"]
[WhiteFideId "6383742"]
[BlackFideId "25089544"]
[EventDate "2017.11.18"]

1. e4 c5 2. Nf3 a6 3. c4 Nc6 4. d4 cxd4 5. Nxd4 e5 6. Nf5 d5 7. cxd5 Bxf5 8.
exf5 Bb4+ 9. Nc3 Nd4 10. a3 Bxc3+ 11. bxc3 Nxf5 12. Bd3 Nge7 13. c4 Rc8 14. O-O
O-O 15. Bb2 f6 16. Qb3 Kh8 17. a4 Qd7 18. Rfd1 Rfd8 19. Ba3 Nd4 20. Qb4 Ng6 21.
Bb2 Nf5 22. f3 Nfe7 23. a5 f5 24. Re1 e4 25. Bf1 Ng8 26. Bd4 Re8 27. Rab1 Re7
28. d6 Rf7 29. c5 N8e7 30. dxe7 Nxe7 31. Red1 Nc6 32. Bxg7+ Kxg7 33. Rxd7 Nxb4
34. Rxf7+ 1-0

[Event "3rd Sat Djenovici Nov GM"]
[Site "Djenovici MNE"]
[Date "2017.11.20"]
[Round "3.5"]
[White "Kumar, Nikhil"]
[Black "Golubov, Saveliy"]
[Result "0-1"]
[WhiteTitle "FM"]
[BlackTitle "IM"]
[WhiteElo "2274"]
[BlackElo "2501"]
[WhiteFideId "30909040"]
[BlackFideId "24176729"]
[EventDate "2017.11.18"]

1. d4 Nf6 2. c4 g6 3. Nc3 Bg7 4. e4 O-O 5. f3 c6 6. Be3 d5 7. cxd5 cxd5 8. e5
Ne8 9. f4 Nc7 10. Nf3 Nc6 11. Bd3 f6 12. O-O fxe5 13. fxe5 Bf5 14. Be2 Qd7 15.
Qd2 Rab8 16. Rac1 Be6 17. Na4 Bf5 18. Rc3 Ne6 19. b3 Be4 20. Ng5 Nxg5 21. Bxg5
Rxf1+ 22. Bxf1 Rf8 23. Be3 Bf5 24. Nc5 Qc7 25. Be2 Qb6 26. Bf3 Rd8 27. Rc1 Kh8
28. g4 Bc8 29. Kh1 Rf8 30. Qg2 Qb4 31. Nd3 Qb5 32. Nf4 e6 33. Be2 Qb6 34. Nd3
Nxe5 35. Nxe5 Bxe5 36. Bh6 Bg7 37. Bxg7+ Kxg7 38. Qg3 Bd7 39. Qe5+ Kg8 40. Rc7
Rf7 41. Bf3 Qa6 42. Be2 Qb6 43. Kg2 Qb4 44. Kh3 a5 45. Rxd7 Rxd7 46. Qxe6+ Rf7
47. Bf3 Qc3 48. Qe8+ Kg7 49. Qe5+ Kf8 50. Qb8+ Ke7 51. Qxb7+ Kf6 52. Qxd5 Qe3
53. Kg2 Kg7 54. g5 Qd2+ 55. Kg3 Qf4+ 56. Kg2 Re7 57. Kh3 Re3 58. Qd7+ Qf7 59.
Qxf7+ Kxf7 60. Kg4 Rd3 61. d5 Rd2 62. h4 Rxa2 63. h5 Rb2 64. hxg6+ hxg6 65. d6
Ke6 66. Bd5+ Kxd6 67. Bf7 Ke5 68. Bxg6 Rxb3 69. Bc2 Rc3 70. Bb1 Rc1 71. Bh7 a4
72. Kh5 a3 73. Bg8 Kf4 74. Bd5 Rc5 75. Bb3 Rxg5+ 0-1

[Event "3rd Sat Djenovici Nov GM"]
[Site "Djenovici MNE"]
[Date "2017.11.21"]
[Round "4.1"]
[White "Okuyaz, Duru"]
[Black "Golubov, Saveliy"]
[Result "0-1"]
[WhiteTitle "WFM"]
[BlackTitle "IM"]
[WhiteElo "2238"]
[BlackElo "2501"]
[WhiteFideId "6346022"]
[BlackFideId "24176729"]
[EventDate "2017.11.18"]

1. e4 e6 2. d4 b6 3. Be3 Bb7 4. Bd3 c5 5. c4 cxd4 6. Bxd4 Nf6 7. Qe2 d6 8. Nf3
Nbd7 9. O-O Be7 10. Nc3 O-O 11. Rfd1 Qc7 12. Rac1 a6 13. h3 Rac8 14. b3 Rfe8 15.
Be3 Qb8 16. Bb1 Bd8 17. Bf4 Bc7 18. Qd2 Ne5 19. Nxe5 dxe5 20. Bg5 Nh5 21. Qe2
Nf4 22. Qg4 Bd8 23. g3 f5 24. Qf3 Nxh3+ 25. Kh2 Nxg5 26. Qh5 g6 27. Qh6 Nf7 28.
Qh3 Bg5 29. exf5 exf5 30. g4 Bf4+ 31. Kg1 Ng5 32. Qd3 e4 33. Qd7 Bc6 0-1

[Event "3rd Sat Djenovici Nov GM"]
[Site "Djenovici MNE"]
[Date "2017.11.21"]
[Round "4.2"]
[White "Vardan, Nagpal"]
[Black "Kumar, Nikhil"]
[Result "0-1"]
[WhiteTitle "FM"]
[BlackTitle "FM"]
[WhiteElo "2510"]
[BlackElo "2274"]
[WhiteFideId "25089544"]
[BlackFideId "30909040"]
[EventDate "2017.11.18"]

1. d4 d5 2. c4 e6 3. Nf3 Nf6 4. Nc3 Be7 5. Bg5 h6 6. Bh4 O-O 7. cxd5 exd5 8. e3
c6 9. Bd3 Nbd7 10. Qc2 Re8 11. Bg3 Nf8 12. h3 Bd6 13. Bxd6 Qxd6 14. O-O Be6 15.
Rab1 a5 16. Ne5 N6d7 17. f4 f6 18. Nxd7 Nxd7 19. f5 Bf7 20. Rf3 c5 21. Bb5 Rac8
22. Qf2 Re7 23. Bxd7 Rxd7 24. Rd1 c4 25. g4 Be8 26. Rg3 Rf7 27. a4 Bc6 28. h4
Qd7 29. Ra1 Kf8 30. Qc2 Ke8 31. Kf2 Qd6 32. Rag1 Kd8 33. Ke1 Kc7 34. R1g2 Kb8
35. Kd2 Bd7 36. Kc1 Rff8 37. Rf3 Rc6 38. Rg1 Rb6 39. Rh3 Ka8 40. Rf3 Rb3 41. g5
fxg5 42. hxg5 hxg5 43. Rxg5 Rh8 44. Rf1 Rh3 45. Rxg7 Rxe3 46. f6 Rexc3 47. bxc3
Qa3+ 48. Kd2 Rb2 49. f7 Rxc2+ 50. Kxc2 Bxa4+ 51. Kd2 Qb2+ 52. Ke1 Qxc3+ 53. Ke2
Qd3+ 54. Kf2 Qxd4+ 55. Ke2 Qxg7 56. f8=Q+ Qxf8 57. Rxf8+ Ka7 58. Rd8 Bc6 59. Ke3
b5 60. Kd4 Kb6 61. Rb8+ Bb7 62. Kc3 b4+ 63. Kb2 a4 64. Rh8 Kc5 65. Rh6 Bc6 66.
Rg6 Bb5 67. Kb1 c3 68. Rg3 Kc4 69. Ka1 b3 70. Rh3 a3 71. Rg3 Ba4 72. Rh3 b2+ 73.
Ka2 Bb3+ 74. Kxa3 b1=N# 0-1

[Event "3rd Sat Djenovici Nov GM"]
[Site "Djenovici MNE"]
[Date "2017.11.21"]
[Round "4.3"]
[White "Nikcevic, Nebojsa"]
[Black "Can, Isik"]
[Result "1-0"]
[WhiteTitle "GM"]
[BlackTitle "FM"]
[WhiteElo "2423"]
[BlackElo "2265"]
[WhiteFideId "901776"]
[BlackFideId "6383742"]
[EventDate "2017.11.18"]

1. Nf3 Nf6 2. c4 b6 3. Nc3 Bb7 4. d4 e6 5. Bg5 Bb4 6. Qc2 c5 7. dxc5 Bxc5 8. e3
h6 9. Bh4 Nc6 10. Rd1 O-O 11. Be2 g5 12. Bg3 Qe7 13. a3 a5 14. Na4 d5 15. h4 g4
16. Nd4 Ne4 17. Bf4 h5 18. cxd5 exd5 19. Nf5 Qe6 20. Ng3 Rfe8 21. Nxe4 Qxe4 22.
Qxe4 Rxe4 23. Nxc5 bxc5 24. Rxd5 Nd4 25. Rg5+ Kf8 26. Bd6+ Ke8 27. exd4 Kd7 28.
f3 gxf3 29. gxf3 Re6 1-0

[Event "3rd Sat Djenovici Nov GM"]
[Site "Djenovici MNE"]
[Date "2017.11.21"]
[Round "4.4"]
[White "Saptarshi, Roy"]
[Black "Bick, Gabriel"]
[Result "1/2-1/2"]
[WhiteTitle "IM"]
[WhiteElo "2449"]
[BlackElo "2399"]
[WhiteFideId "5008980"]
[BlackFideId "2084058"]
[EventDate "2017.11.18"]

1. e4 e5 2. Nf3 Nc6 3. d4 exd4 4. Nxd4 Nf6 5. Nxc6 bxc6 6. Bd3 d5 7. Nd2 Bd6 8.
O-O O-O 9. h3 Re8 10. exd5 cxd5 11. Nf3 c5 12. c3 Ne4 13. Bb5 Bd7 14. Bxd7 Qxd7
15. Be3 Rab8 16. Rb1 Be7 17. Re1 Bf6 18. Qc2 Qb5 19. Bf4 Rbd8 20. Re3 Qa6 21. a3
Re6 22. Rd1 Qb7 23. Rde1 Rde8 24. Nd2 Nxd2 25. Qxd2 d4 26. cxd4 cxd4 27. Rxe6
Rxe6 28. b4 Qa6 29. Rxe6 fxe6 30. Qa2 Qc6 31. b5 Qe4 32. g3 d3 33. Be3 Bc3 34.
Qb1 Bd4 35. Qb4 e5 36. Qc4+ Kf8 37. Qc8+ Kf7 38. Qc7+ Kf6 39. Qd6+ Kf7 40. Qd7+
Kf6 41. Qd6+ 1/2-1/2

[Event "3rd Sat Djenovici Nov GM"]
[Site "Djenovici MNE"]
[Date "2017.11.22"]
[Round "5.1"]
[White "Pavlovic, Milos"]
[Black "Okuyaz, Duru"]
[Result "1-0"]
[WhiteTitle "GM"]
[BlackTitle "WFM"]
[WhiteElo "2472"]
[BlackElo "2238"]
[WhiteFideId "900389"]
[BlackFideId "6346022"]
[EventDate "2017.11.18"]

1. c4 c6 2. Nf3 d5 3. e3 Nf6 4. Nc3 e6 5. Qc2 Nbd7 6. b3 Bd6 7. Bb2 O-O 8. Be2
Re8 9. O-O e5 10. cxd5 Nxd5 11. Ne4 Bb8 12. Rad1 N7f6 13. d3 Ng4 14. Qc1 f5 15.
h3 fxe4 16. dxe4 Ngf6 17. exd5 cxd5 18. e4 h6 19. Bc4 Qb6 20. exd5 Bd6 21. Rfe1
Bf5 22. Bxe5 Ne4 23. Bd4 Qd8 24. Qb2 Qd7 25. Bd3 Bxh3 26. Bxe4 Qg4 27. Ne5 Qg5
28. Bf3 Rf8 29. Qc1 Rf4 30. Re4 Raf8 31. Rxf4 Rxf4 32. Nd3 h5 33. Nxf4 Bxf4 34.
Be3 Bxe3 35. Qxe3 Qg6 36. d6 Bd7 37. Qe7 Qf5 38. Rd5 Qf4 39. Qxd7 Qc1+ 40. Rd1 1-0

[Event "3rd Sat Djenovici Nov GM"]
[Site "Djenovici MNE"]
[Date "2017.11.22"]
[Round "5.2"]
[White "Bick, Gabriel"]
[Black "Pikula, Dejan"]
[Result "1-0"]
[BlackTitle "GM"]
[WhiteElo "2399"]
[BlackElo "2457"]
[WhiteFideId "2084058"]
[BlackFideId "906379"]
[EventDate "2017.11.18"]

1. e4 d6 2. d4 Nf6 3. Nc3 e5 4. Nf3 Nbd7 5. Bc4 Be7 6. a4 O-O 7. O-O c6 8. h3
exd4 9. Qxd4 Ne8 10. Bf4 Nc5 11. Rfe1 Be6 12. Bf1 Qb6 13. Rad1 Rd8 14. Qe3 Nf6
15. Nd4 Qb4 16. b3 Rfe8 17. e5 dxe5 18. Bxe5 Nfd7 19. Bc7 Rc8 20. Qg3 Bf6 21.
Nxe6 Nxe6 22. Na2 Qa3 23. Rxd7 Qxa2 24. Be5 Bxe5 25. Qxe5 b6 26. Bd3 Rf8 27. Ra1 1-0

[Event "3rd Sat Djenovici Nov GM"]
[Site "Djenovici MNE"]
[Date "2017.11.22"]
[Round "5.3"]
[White "Can, Isik"]
[Black "Saptarshi, Roy"]
[Result "0-1"]
[WhiteTitle "FM"]
[BlackTitle "IM"]
[WhiteElo "2265"]
[BlackElo "2449"]
[WhiteFideId "6383742"]
[BlackFideId "5008980"]
[EventDate "2017.11.18"]

1. e4 e5 2. Nf3 Nc6 3. Bb5 a6 4. Bxc6 dxc6 5. O-O f6 6. d4 exd4 7. Nxd4 c5 8.
Ne2 Qxd1 9. Rxd1 Bd7 10. Nbc3 O-O-O 11. Be3 Bd6 12. Bf4 Bxf4 13. Nxf4 Ne7 14. f3
b6 15. Ncd5 Nc6 16. Kf2 f5 17. exf5 Bxf5 18. Ne3 Bd7 19. Rd2 Rhf8 20. Nfd5 Rf7
21. Rad1 Be6 22. Nc3 Rdf8 23. Ne4 h6 24. a3 a5 25. Kg1 Kb7 26. Ng3 a4 27. Re2
Nd4 28. Ree1 Re8 29. Kf2 Ref8 30. c3 Nc6 31. Nd5 Bd7 32. Ne7 Nxe7 33. Rxd7 Nc6
34. Rd5 Na5 35. Re4 Kc6 36. Rde5 Rd8 37. Rxa4 Rd2+ 38. Re2 Rxe2+ 39. Nxe2 c4 40.
Rb4 Kb7 41. Rb5 c5 42. Nc1 Kc6 43. a4 Ra7 44. b3 Nxb3 45. Nxb3 Rxa4 46. Rxb6+
Kxb6 47. Nd2 Ra2 48. Ke3 Kb5 49. g4 Rc2 50. Ne4 Rxh2 51. Kf4 g5+ 52. Ke5 Re2 53.
Kd5 Re3 54. Nd6+ Ka6 55. Kxc4 Rxf3 56. Kxc5 Rf4 57. Nf5 h5 0-1